| 000 | 00497nam a22001697a 4500 | ||
|---|---|---|---|
| 003 | SISC | ||
| 005 | 20160726105239.0 | ||
| 008 | 160726b xxu||||| |||| 00| 0 eng d | ||
| 020 | _a9789712728181 | ||
| 050 |
_aDS 681.3 _b.J62 2013 |
||
| 100 | _aJoaquin, Nick. | ||
| 245 |
_aReportage on politics / _cQuijano de Manila [i.e. Nick Joaquin]. |
||
| 260 |
_aMandaluyong City : _bAnvil, _c2013. |
||
| 300 |
_a255 pages ; _c21 cm. |
||
| 650 |
_aPhilippines _xPolitics and government. |
||
| 942 |
_2lcc _cBK |
||
| 999 |
_c298052 _d298052 |
||